Project report on the optimization of the transportation and distribution of Allwyn refgigerators (Record no. 498515)

000 -LEADER
fixed length control field 00495cam a22001217a 4500
008 - FIXED-LENGTH DATA ELEMENTS--GENERAL INFORMATION
fixed length control field 180718b1990 xxu||||| |||| 00| 0 eng d
082 ## - DEWEY DECIMAL CLASSIFICATION NUMBER
Classification number Wx54 In2ar
100 ## - MAIN ENTRY--PERSONAL NAME
Personal name Agrawal, R.P.
245 ## - TITLE STATEMENT
Title Project report on the optimization of the transportation and distribution of Allwyn refgigerators
Statement of responsibility, etc. by R.P. Agrawal
260 ## - PUBLICATION, DISTRIBUTION, ETC.
Place of publication, distribution, etc. New Delhi
Name of publisher, distributor, etc. Department of Personnel and Training, Ministry of Personnel
Date of publication, distribution, etc. 1990
300 ## - PHYSICAL DESCRIPTION
Extent 38+p.
700 ## - ADDED ENTRY--PERSONAL NAME
Personal name India. Department of Personnel and Training, Ministry of Personnel
Holdings
Withdrawn status Lost status Damaged status Not for loan Permanent Location Current Location Date acquired Full call number Barcode Date last seen Price effective from Koha item type
        Indian Institute of Public Administration Indian Institute of Public Administration 2018-08-04 Wx54 In2ar GG21298 2018-08-04 2018-08-04 GG

Powered by Koha